Studia Neoaristotelica ; (Record no. 7701)
[ view plain ]
| 000 -LEADER | |
|---|---|
| fixed length control field | 00331nam a22001217a 4500 |
| 005 - DATE AND TIME OF LATEST TRANSACTION | |
| control field | 20190308102939.0 |
| 008 - FIXED-LENGTH DATA ELEMENTS--GENERAL INFORMATION | |
| fixed length control field | 190308b ||||| |||| 00| 0 eng d |
| 022 ## - INTERNATIONAL STANDARD SERIAL NUMBER | |
| International Standard Serial Number | 12148407 |
| 082 ## - DEWEY DECIMAL CLASSIFICATION NUMBER | |
| Classification number | Periodical |
| 245 ## - TITLE STATEMENT | |
| Title | Studia Neoaristotelica ; |
| Remainder of title | A journal of Analytical Scholasticism. |
| 300 ## - PHYSICAL DESCRIPTION | |
| Extent | 224 p, |
| Dimensions | 21 cm. |
| 942 ## - ADDED ENTRY ELEMENTS (KOHA) | |
| Source of classification or shelving scheme | Dewey Decimal Classification |
| Koha item type | Periodicals |
| Withdrawn status | Lost status | Source of classification or shelving scheme | Damaged status | Not for loan | Collection code | Home library | Current library | Shelving location | Date acquired | Serial Enumeration / chronology | Total Checkouts | Full call number | Barcode | Date last seen | Price effective from | Koha item type |
|---|---|---|---|---|---|---|---|---|---|---|---|---|---|---|---|---|
| Dewey Decimal Classification | Periodicals | RTC Library | RTC Library | Periodicals | 08/03/2019 | 13497 | Periodical serials | 30013019 | 08/03/2019 | 08/03/2019 | Periodicals | |||||
| Dewey Decimal Classification | Periodicals | RTC Library | RTC Library | Periodicals | 08/03/2019 | 13498 | Periodical serials | 30013695 | 08/03/2019 | 08/03/2019 | Periodicals |